000 02132nam a22002897a 4500
999 _c60089
_d60089
003 Ge_BSU
005 20230607113802.0
008 230607s2015 ge ||||| |||| 00| 0 geo d
020 _a9789941445989
041 _ageo
080 _a908(479.22) მ-97
100 _a მშვილდაძე, მადონა
_918533
245 _aკავკასიის იბერიის ქალაქები კლავდიოს პტოლემაიოსის გეოგრაფიაში /
_cმადონა მშვილდაძე; [რედ.: გურამ ყიფიანი; თარგმანი: მედეა ხორავა ; ფოტოები: მადონა მშვილდაძე ; რეცენზენტი: შოთა მამულაძე.
264 _aთბილისი :
_bარტანუჯი,
_c2015.
300 _a 136 გვ. :
_b73 ფ. ფერადი ფოტოები.;
_c24 სმ.
500 _aმონოგრაფია დაიბეჭდა შოთა რუსთაველის ეროვნული სამეცნიერო ფონდის მხარდაჭერით, საგრანტო პროექტის ფარგლებში: "2013-2014 წლების დოქტორანტურის საგანმანათლებლო პროგრამები"
501 _aსურათების აღწერილობა გვ. 128-138
504 _aბიბლიოგრ. გვ. 114-127
653 _aრეგიონალური გეოგრაფია
653 _aიბერია
653 _aკავკასიის ქალაქების ისტორია
653 _aკავკასია
700 _aყიფიანი, გურამ
_eრედაქტორი
_913514
700 _aხორავა, მედეა
_eმთარგმნელი
_918534
700 _aმამულაძე, შოთა
_eრეცენზენტი
_91483
942 _2udc
_cBK